Statistics for Glee Firsts

Click here to take the quiz!

General Stats

  • This quiz has been taken 404 times
    (401 since last reset)
  • The average score is 6 of 18

Answer Stats

HintAnswer% Correct
First Episode TitlePilot
89%
First Character Shown AudtioningMercedes Jones
69%
First Character Shown on ScreenSue Sylvester
53%
First Group SongSit Down You're Rocking the Boat
49%
First Duet (Characters)Finn & Rachel
46%
First Character SlushiedRachel Berry
45%
First Glee Club Member Shown on ScreenPuck/Finn/Kurt
43%
First Duet (Song)You're the One That I Want
38%
First Glee Club RivalsVocal Adrenaline
36%
First Couple ShownWill & Terri
29%
First Shot was of a...Cheerleader
25%
First Solo SongR.E.S.P.E.C.T
24%
First Parent ShownCarole Hudson
21%
Episode 3x5's Title'The First Time'
20%
First On-Screen Proposal was Between...Will & Emma
19%
First Episode Air Date19th May, 2009
13%
First Song Mash-upIt's My Life/Confessions Part II
13%
First SongWhere is Love?
11%

Score Distribution

Percentile by Number Answered

Percent of People with Each Score

Your Score History

You have not taken this quiz since the last reset